[Event "FIN-chT1A 1819"]
[Site "Finland"]
[Date "2018.09.15"]
[Round "1.5"]
[White "Kivinen, Jyrki"]
[Black "Natri, Antero"]
[Result "0-1"]
[WhiteElo "1969"]
[BlackElo "2134"]
[PlyCount "82"]
[EventDate "2018.09.15"]
[EventType "team-tourn"]
[EventRounds "7"]
[EventCountry "FIN"]
[SourceTitle "EXT 2020"]
[Source "ChessBase"]
[SourceDate "2019.10.17"]
[SourceVersion "1"]
[SourceVersionDate "2019.10.17"]
[SourceQuality "1"]
[WhiteTeam "Helsinki LauttSK"]
[BlackTeam "Tampere Tammer II"]
[WhiteTeamCountry "FIN"]
[BlackTeamCountry "FIN"]

1. e4 d6 2. d4 Nf6 3. Nc3 g6 4. Bg5 Bg7 5. f4 c5 6. e5 dxe5 7. dxe5 Ng4 8. Qxd8+ Kxd8 9. Rd1+ Bd7 10. Nd5 f6 11. Bh4 Nc6 12. h3 g5 13. e6 gxh4 14. hxg4 Bxe6 15. Nb6+ Kc7 16. Nxa8+ Rxa8 17. f5 Bg8 18. Nf3 Bh6 19. Rxh4 Bf4 20. Kf2 Rd8 21. Rxd8 Kxd8 22. g3 Bc1 23. b3 Nb4 24. Bd3 Nxa2 25. Rh1 Bb2 26. g5 fxg5 27. Nxg5 Bd4+ 28. Kf3 Nc3 29. Ne6+ Kd7 30. Nxd4 Bd5+ 31. Kf4 Bxh1 32. Ne6 Kd6 33. Nf8 h6 34. Ng6 b5 35. Ke3 Bd5 36. Nh4 a5 37. Nf3 a4 38. bxa4 bxa4 39. Nd2 a3 40. Nc4+ Bxc4 41. Bxc4 a2 0-1

[Event "FIN-chT1A 1617"]
[Site "Finland"]
[Date "2016.10.09"]
[Round "4.3"]
[White "Pitkaaho, Arto"]
[Black "Natri, Antero"]
[Result "1-0"]
[WhiteElo "2144"]
[BlackElo "2168"]
[PlyCount "53"]
[EventDate "2016.09.17"]
[EventType "team-tourn"]
[EventRounds "7"]
[EventCountry "FIN"]
[SourceTitle "EXT 2019"]
[Source "ChessBase"]
[SourceDate "2018.10.10"]
[SourceVersion "1"]
[SourceVersionDate "2018.10.10"]
[SourceQuality "1"]
[WhiteTeam "Raahe Li"]
[BlackTeam "Tampere Tammer II"]
[WhiteTeamCountry "FIN"]
[BlackTeamCountry "FIN"]

1. c4 g6 2. Nc3 Bg7 3. g3 c5 4. Bg2 Nc6 5. a3 d6 6. Rb1 a5 7. e3 e5 8. Nge2 Nge7 9. 0-0 0-0 10. d3 Be6 11. Nd5 f5 12. Nec3 Kh8 13. Bd2 Ng8 14. b4 axb4 15. axb4 e4 16. dxe4 cxb4 17. Nb5 Rf7 18. Qb3 fxe4 19. Bxe4 Nf6 20. Bg2 Bf5 21. Rbd1 Ne4 22. Bxb4 Nxb4 23. Qxb4 Nc5 24. Nxd6 Rd7 25. Nxf5 Na6 26. Qb1 gxf5 27. Nb6 1-0

[Event "FIN-chT1A 1516"]
[Site "Finland"]
[Date "2015.09.12"]
[Round "1.2"]
[White "Natri, Antero"]
[Black "Marjusaari, Eero"]
[Result "1/2-1/2"]
[WhiteElo "2183"]
[BlackElo "2068"]
[PlyCount "40"]
[EventDate "2015.09.12"]
[EventType "team-tourn"]
[EventRounds "8"]
[EventCountry "FIN"]
[SourceTitle "EXT 2017"]
[Source "ChessBase"]
[SourceDate "2016.10.25"]
[SourceVersion "1"]
[SourceVersionDate "2016.10.25"]
[SourceQuality "1"]
[WhiteTeam "Tampere Tammer II"]
[BlackTeam "Raahe Li"]
[WhiteTeamCountry "FIN"]
[BlackTeamCountry "FIN"]

1. c4 e5 2. g3 Nf6 3. Bg2 Nc6 4. Nc3 Bb4 5. Nd5 0-0 6. Nxb4 Nxb4 7. d3 d5 8. cxd5 Nbxd5 9. Nf3 Re8 10. 0-0 e4 11. dxe4 Nxe4 12. Qb3 c6 13. a4 Qe7 14. a5 Qc5 15. Ra4 Nxf2 16. Rc4 Nh3+ 17. Kh1 Nf2+ 18. Kg1 Nh3+ 19. Kh1 Nf2+ 20. Kg1 Nh3+ 1/2-1/2

[Event "FIN-chT1A 1415"]
[Site "Finland"]
[Date "2014.11.16"]
[Round "4.2"]
[White "Natri, Antero"]
[Black "Peltomaki, Jarmo"]
[Result "1-0"]
[WhiteElo "2183"]
[BlackElo "2001"]
[PlyCount "77"]
[EventDate "2014.09.27"]
[EventType "team-tourn"]
[EventRounds "7"]
[EventCountry "FIN"]
[SourceTitle "EXT 2017"]
[Source "ChessBase"]
[SourceDate "2016.10.25"]
[SourceVersion "1"]
[SourceVersionDate "2016.10.25"]
[SourceQuality "1"]
[WhiteTeam "Tampere Tammer II"]
[BlackTeam "Vaasa VSS"]
[WhiteTeamCountry "FIN"]
[BlackTeamCountry "FIN"]

1. g3 g6 2. Bg2 Bg7 3. c4 c5 4. Nc3 Nc6 5. Nf3 b6 6. 0-0 Bb7 7. e3 Nf6 8. d4 0-0 9. d5 Na5 10. Qd3 d6 11. Nd2 Ng4 12. Qc2 Rb8 13. h3 Nf6 14. b3 b5 15. Rb1 a6 16. Bb2 e6 17. e4 exd5 18. cxd5 Qe7 19. Nd1 Bc8 20. Ne3 Nb7 21. Rbe1 Nd8 22. f4 Nd7 23. Bxg7 Kxg7 24. e5 dxe5 25. fxe5 Nxe5 26. Ne4 f6 27. d6 Qa7 28. Nd5 c4+ 29. Kh2 Bf5 30. Rxf5 gxf5 31. Nexf6 Rxf6 32. Rxe5 Rf7 33. Qb2 Kh6 34. Qc1+ f4 35. Nxf4 Kg7 36. Nh5+ Kg8 37. Re8+ Rf8 38. Qg5+ Kf7 39. Re7+ 1-0

[Event "FIN-chT1A 1415"]
[Site "Finland"]
[Date "2014.09.27"]
[Round "1.3"]
[White "Vetelaeinen, Tomi"]
[Black "Natri, Antero"]
[Result "1-0"]
[WhiteElo "2067"]
[BlackElo "2183"]
[PlyCount "113"]
[EventDate "2014.09.27"]
[EventType "team-tourn"]
[EventRounds "7"]
[EventCountry "FIN"]
[SourceTitle "EXT 2017"]
[Source "ChessBase"]
[SourceDate "2016.10.25"]
[SourceVersion "1"]
[SourceVersionDate "2016.10.25"]
[SourceQuality "1"]
[WhiteTeam "Vantaa Remi"]
[BlackTeam "Tampere Tammer II"]
[WhiteTeamCountry "FIN"]
[BlackTeamCountry "FIN"]

1. d4 d6 2. c4 e5 3. dxe5 dxe5 4. Qxd8+ Kxd8 5. Nc3 c6 6. Nf3 f6 7. Bd2 Be6 8. e3 Nh6 9. Be2 Nd7 10. 0-0 a5 11. Rfd1 Nc5 12. Be1+ Kc7 13. Rd2 a4 14. Rad1 Nf5 15. Rc2 b6 16. Nd2 Nd6 17. b4 axb3 18. axb3 Bf5 19. Rb2 Be7 20. f3 Rhd8 21. Kf1 Nd3 22. Bxd3 Bxd3+ 23. Kf2 f5 24. Nf1 Nb7 25. Na4 e4 26. Bc3 Bf6 27. Bxf6 gxf6 28. Ng3 b5 29. cxb5 cxb5 30. Rc1+ Kd6 31. Nc3 Ke5 32. f4+ Ke6 33. Nce2 Bxe2 34. Nxe2 Rd5 35. Rc6+ Nd6 36. Nc3 Kd7 37. Rb6 Rc5 38. Rd2 Rxc3 39. Rbxd6+ Kc7 40. Rxf6 Rxb3 41. Rxf5 Raa3 42. Re5 Rxe3 43. Rxb5 Red3 44. Re2 e3+ 45. Kf3 Rd1 46. Rxe3 Rf1+ 47. Ke2 Raa1 48. g3 Rae1+ 49. Kd3 Rd1+ 50. Ke4 Rd6 51. Kf5 Rc1 52. Re7+ Kc6 53. Rbe5 Rh6 54. R5e6+ Rxe6 55. Kxe6 h6 56. Kf5 h5 57. Rh7 1-0

[Event "EU-Cup 28th"]
[Site "Eilat"]
[Date "2012.10.17"]
[Round "7.6"]
[White "Natri, Antero"]
[Black "Gustafsson, Jan"]
[Result "0-1"]
[WhiteElo "2219"]
[BlackElo "2622"]
[PlyCount "96"]
[EventDate "2012.10.11"]
[EventType "team-swiss"]
[EventRounds "7"]
[EventCountry "ISR"]
[SourceTitle "CBM 151"]
[Source "ChessBase"]
[SourceDate "2012.11.13"]
[SourceVersion "1"]
[SourceVersionDate "2012.11.13"]
[SourceQuality "1"]
[WhiteTeam "Tammer Shakki"]
[BlackTeam "Baden-Baden"]
[WhiteTeamCountry "FIN"]
[BlackTeamCountry "GER"]

1. g3 d5 2. Bg2 e5 3. d3 Nf6 4. Nf3 Bd6 5. 0-0 0-0 6. Nc3 Nbd7 7. e4 dxe4 8. dxe4 Nc5 9. Qe2 Bg4 10. h3 Bh5 11. Rd1 Qc8 12. Bg5 Qe6 13. b4 Ncd7 14. g4 Bg6 15. Rab1 Rfc8 16. Nh4 Ne8 17. Nf5 Bf8 18. Nd5 f6 19. Bd2 c6 20. Nc3 Nb6 21. Bf1 Bf7 22. Be3 g6 23. Ng3 Nc4 24. Bc5 Ned6 25. Qf3 Rd8 26. Bd3 Bh6 27. Qe2 Kg7 28. Bxc4 Nxc4 29. Rxd8 Rxd8 30. Rd1 Rxd1+ 31. Nxd1 b6 32. Be3 Nxe3 33. Nxe3 Bf4 34. a3 Kf8 35. Kg2 Qd7 36. Qd1 Qxd1 37. Nxd1 Bc1 38. a4 Ba3 39. b5 cxb5 40. axb5 Bc4 41. Nc3 Bb2 42. Nd5 Bxb5 43. Nf1 a5 44. Nd2 a4 45. c4 Bc6 46. Nxb6 a3 47. Nb3 Bxe4+ 48. f3 Bc2 0-1

[Event "EU-Cup 28th"]
[Site "Eilat"]
[Date "2012.10.15"]
[Round "5.4"]
[White "Cramling, Dan"]
[Black "Natri, Antero"]
[Result "1-0"]
[WhiteElo "2360"]
[BlackElo "2219"]
[PlyCount "103"]
[EventDate "2012.10.11"]
[EventType "team-swiss"]
[EventRounds "7"]
[EventCountry "ISR"]
[SourceTitle "CBM 151"]
[Source "ChessBase"]
[SourceDate "2012.11.13"]
[SourceVersion "1"]
[SourceVersionDate "2012.11.13"]
[SourceQuality "1"]
[WhiteTeam "Team Viking"]
[BlackTeam "Tammer Shakki"]
[WhiteTeamCountry "SWE"]
[BlackTeamCountry "FIN"]

1. d4 d6 2. c4 e5 3. Nf3 Nd7 4. Nc3 Ngf6 5. e4 g6 6. Be2 Bg7 7. d5 Nc5 8. Qc2 a5 9. Bg5 0-0 10. Nd2 a4 11. 0-0 c6 12. b4 axb3 13. axb3 Rxa1 14. Rxa1 Na6 15. Na2 c5 16. Qc3 h6 17. Be3 Ne8 18. b4 f5 19. f3 Kh7 20. bxc5 Nxc5 21. Qa3 Rf7 22. Nc3 Nf6 23. Nb5 Bf8 24. Qa8 Nfd7 25. Rb1 Be7 26. Na7 Bg5 27. f4 Qa5 28. fxg5 Rf8 29. exf5 Qc3 30. Nf1 Qc2 31. Re1 Qa2 32. Bxc5 Nxc5 33. Qb8 Ne4 34. Qc7+ Kh8 35. Nxc8 Qb2 36. Qb6 Qc3 37. Nxd6 Qxe1 38. Nxe4 Qxe2 39. Neg3 Qxc4 40. Qxg6 Qc5+ 41. Kh1 hxg5 42. Qh6+ Kg8 43. Qxg5+ Kh8 44. Nh5 Rf7 45. Qh6+ Kg8 46. Qg5+ Kh8 47. Nf6 Qf8 48. Qh4+ Kg7 49. Ng3 Qh8 50. Ngh5+ Kf8 51. Qb4+ Re7 52. d6 1-0

[Event "FIN-chT 1112"]
[Site "Finland"]
[Date "2012.01.14"]
[Round "7.8"]
[White "Tanni, Kalle"]
[Black "Natri, Antero"]
[Result "0-1"]
[WhiteElo "2071"]
[BlackElo "2203"]
[PlyCount "56"]
[EventDate "2011.09.17"]
[EventType "team-tourn"]
[EventRounds "11"]
[EventCountry "FIN"]
[SourceTitle "EXT 2013"]
[Source "ChessBase"]
[SourceDate "2012.11.22"]
[SourceVersion "1"]
[SourceVersionDate "2012.11.22"]
[SourceQuality "1"]
[WhiteTeam "Sastamala VammSK"]
[BlackTeam "Tampere"]
[WhiteTeamCountry "FIN"]
[BlackTeamCountry "FIN"]

1. e4 d6 2. d4 Nf6 3. Nc3 g6 4. Nf3 Bg7 5. Be2 0-0 6. 0-0 Bg4 7. h3 Bxf3 8. Bxf3 Nc6 9. Be3 e5 10. dxe5 dxe5 11. Bg5 Nd4 12. Nd5 c6 13. Nxf6+ Bxf6 14. Be3 Bg5 15. Bxg5 Qxg5 16. c3 Ne6 17. g3 Rad8 18. Qb3 Rd3 19. Bg2 Nd4 20. Qc4 Ne2+ 21. Kh1 Rfd8 22. Rae1 Rd2 23. a4 Rxb2 24. Rd1 Rdd2 25. h4 Qh6 26. Bf3 Nxg3+ 27. Kg2 Nxf1 28. Rxf1 Qe3 0-1

[Event "FIN-chT1A 1011"]
[Site "Finland"]
[Date "2010.11.21"]
[Round "5.3"]
[White "Pietinen, Pekka"]
[Black "Natri, Antero"]
[Result "0-1"]
[WhiteElo "1997"]
[BlackElo "2210"]
[PlyCount "68"]
[EventDate "2010.09.18"]
[EventType "team-tourn"]
[EventRounds "9"]
[EventCountry "FIN"]
[SourceTitle "EXT 2022"]
[Source "ChessBase"]
[SourceDate "2021.10.06"]
[SourceVersion "1"]
[SourceVersionDate "2021.10.06"]
[SourceQuality "1"]
[WhiteTeam "Helsinki I-HSK II"]
[BlackTeam "Tampere Tammer II"]
[WhiteTeamCountry "FIN"]
[BlackTeamCountry "FIN"]

1. e4 d6 2. d4 Nf6 3. f3 Nbd7 4. c4 e5 5. Ne2 c6 6. Nbc3 Be7 7. Be3 0-0 8. Qd2 d5 9. cxd5 cxd5 10. Nxd5 Nxd5 11. exd5 exd4 12. Nxd4 Nb6 13. Qa5 Nxd5 14. Qxd8 Rxd8 15. Bg1 Nb4 16. Bc4 Rxd4 17. Bxd4 Nc2+ 18. Kf2 Nxd4 19. Rhe1 Kf8 20. Rad1 Bc5 21. Kf1 Bf5 22. Re5 Rc8 23. Bd3 Be6 24. b3 Bb6 25. Be4 Nc2 26. Rd2 Ne3+ 27. Ke2 Nxg2 28. Bxb7 Rc1 29. Rd1 Rc2+ 30. Rd2 Rc1 31. Rd1 Nf4+ 32. Kd2 Rc7 33. Ba8 Bc5 34. Rc1 Bb4+ 0-1

[Event "FIN-chT1A 1011"]
[Site "Finland"]
[Date "2010.10.16"]
[Round "3.2"]
[White "Natri, Antero"]
[Black "Kauppila, Osmo"]
[Result "1/2-1/2"]
[WhiteElo "2210"]
[BlackElo "2306"]
[PlyCount "50"]
[EventDate "2010.09.18"]
[EventType "team-tourn"]
[EventRounds "9"]
[EventCountry "FIN"]
[SourceTitle "EXT 2022"]
[Source "ChessBase"]
[SourceDate "2021.10.06"]
[SourceVersion "1"]
[SourceVersionDate "2021.10.06"]
[SourceQuality "1"]
[WhiteTeam "Tampere Tammer II"]
[BlackTeam "Oulu OSS"]
[WhiteTeamCountry "FIN"]
[BlackTeamCountry "FIN"]

1. g3 Nf6 2. Bg2 d5 3. c4 c6 4. Nf3 Bg4 5. Ne5 Bf5 6. cxd5 cxd5 7. Nc3 Nbd7 8. Qa4 e6 9. g4 Bg6 10. h4 h6 11. Nxg6 fxg6 12. Qc2 Kf7 13. h5 g5 14. Qg6+ Kg8 15. Nxd5 exd5 16. Bxd5+ Nxd5 17. Qe6+ Kh7 18. Qe4+ Kg8 19. Qxd5+ Kh7 20. Rh3 Nf6 21. Qf5+ Kg8 22. Qe6+ Kh7 23. Qf5+ Kg8 24. Qe6+ Kh7 25. Qf5+ Kg8 1/2-1/2

[Event "FIN-chT 0809 qual"]
[Site "Finland"]
[Date "2009.??.??"]
[Round "6.3"]
[White "Sorsa, Nuutti"]
[Black "Natri, Antero"]
[Result "1/2-1/2"]
[WhiteElo "2220"]
[BlackElo "2225"]
[PlyCount "91"]
[EventDate "2009.??.??"]
[EventType "team-match"]
[EventRounds "1"]
[EventCountry "FIN"]
[SourceTitle "EXT 2022"]
[Source "ChessBase"]
[SourceDate "2021.10.06"]
[SourceVersion "1"]
[SourceVersionDate "2021.10.06"]
[SourceQuality "1"]
[WhiteTeam "Turku TS"]
[BlackTeam "Tampere Tammer II"]
[WhiteTeamCountry "FIN"]
[BlackTeamCountry "FIN"]

1. e4 d6 2. d4 Nf6 3. Nc3 g6 4. Bg5 Bg7 5. Qd2 h6 6. Bf4 g5 7. Be3 Ng4 8. Nge2 e6 9. g3 c6 10. Nd1 d5 11. Bg2 Nd7 12. f3 Nxe3 13. Nxe3 Qb6 14. c3 a5 15. 0-0 Nf6 16. e5 Nd7 17. f4 f5 18. fxg5 hxg5 19. Nxf5 exf5 20. Qxg5 0-0 21. e6 Nf6 22. Nf4 Nh7 23. Qh5 Qd8 24. Rae1 Qe8 25. Bf3 Nf6 26. Qxf5 Ne4 27. Qg4 Rxf4 28. gxf4 Qxe6 29. Qxe6+ Bxe6 30. Bxe4 dxe4 31. Rxe4 Bxa2 32. f5 Bf6 33. Rg4+ Kf7 34. Kg2 Bd5+ 35. Kg3 a4 36. Kf4 a3 37. bxa3 Rxa3 38. Rg3 Ra8 39. Re3 b5 40. Rfe1 Rh8 41. Ra1 Rxh2 42. Ra7+ Kf8 43. Ra8+ Kf7 44. Ra7+ Kf8 45. Ra8+ Kf7 46. Ra7+ 1/2-1/2

[Event "FIN-chT 0506"]
[Site "Finland"]
[Date "2006.03.12"]
[Round "9.1"]
[White "Kiik, Kalle"]
[Black "Natri, Antero"]
[Result "1-0"]
[WhiteElo "2449"]
[BlackElo "2214"]
[PlyCount "61"]
[EventDate "2005.09.10"]
[EventType "team-tourn"]
[EventRounds "9"]
[EventCountry "FIN"]
[SourceTitle "EXT 2022"]
[Source "ChessBase"]
[SourceDate "2021.10.06"]
[SourceVersion "1"]
[SourceVersionDate "2021.10.06"]
[SourceQuality "1"]
[WhiteTeam "Joensuu SK"]
[BlackTeam "Tampere Tammer"]
[WhiteTeamCountry "FIN"]
[BlackTeamCountry "FIN"]

1. c4 d6 2. g3 g6 3. Bg2 Bg7 4. Nc3 Nf6 5. Nf3 0-0 6. 0-0 e5 7. d3 Nc6 8. Rb1 h6 9. b4 Nh5 10. b5 Ne7 11. e4 f5 12. exf5 gxf5 13. Nh4 Qe8 14. a4 Nf6 15. a5 Ng6 16. Nxg6 Qxg6 17. Kh1 f4 18. Nd5 Nxd5 19. Bxd5+ Kh8 20. gxf4 Bf5 21. Rg1 Qh7 22. Rb3 c6 23. bxc6 bxc6 24. Bxc6 Rab8 25. Rxb8 Rxb8 26. fxe5 Bxe5 27. Be3 Bxd3 28. Qg4 Bf5 29. Qh4 Bg7 30. Bxa7 Re8 31. f3 1-0

[Event "FIN-chT 0506"]
[Site "Finland"]
[Date "2005.10.08"]
[Round "3.1"]
[White "Karttunen, Mika"]
[Black "Natri, Antero"]
[Result "0-1"]
[WhiteElo "2409"]
[BlackElo "2214"]
[PlyCount "94"]
[EventDate "2005.09.10"]
[EventType "team-tourn"]
[EventRounds "9"]
[EventCountry "FIN"]
[SourceTitle "EXT 2022"]
[Source "ChessBase"]
[SourceDate "2021.10.06"]
[SourceVersion "1"]
[SourceVersionDate "2021.10.06"]
[SourceQuality "1"]
[WhiteTeam "Jyvaskyla JyS"]
[BlackTeam "Tampere Tammer"]
[WhiteTeamCountry "FIN"]
[BlackTeamCountry "FIN"]

1. d4 d6 2. e4 Nf6 3. Nc3 g6 4. Be3 c6 5. f3 b5 6. Qd2 Nbd7 7. g4 Nb6 8. b3 Qc7 9. h4 h5 10. g5 Nfd7 11. f4 b4 12. Nce2 c5 13. Bg2 Bb7 14. Rd1 Bg7 15. d5 0-0 16. Nh3 a5 17. 0-0 a4 18. f5 axb3 19. axb3 Ne5 20. f6 Bh8 21. Ng3 Bc8 22. Nf4 Bg4 23. Rde1 Qd8 24. fxe7 Qxe7 25. Rf2 Ra3 26. Nd3 Nec4 27. bxc4 Nxc4 28. Qc1 Ra1 29. Qxa1 Bxa1 30. Rxa1 Nxe3 31. Re1 Nxg2 32. Kxg2 f6 33. Ref1 f5 34. exf5 Bxf5 35. Nf4 Qe3 36. Re2 Qd4 37. Kh2 Bg4 38. Ref2 c4 39. Kg2 b3 40. c3 Qe3 41. Kh2 b2 42. Rxb2 Rxf4 43. Rb8+ Kf7 44. Rb7+ Ke8 45. Rb8+ Kd7 46. Rfb1 Qf2+ 47. Kh1 Bf3# 0-1

[Event "FIN-chT 0405"]
[Site "Finland"]
[Date "2005.02.12"]
[Round "7.3"]
[White "Natri, Antero"]
[Black "Tolonen, Leo Toivovich"]
[Result "0-1"]
[WhiteElo "2211"]
[BlackElo "2380"]
[PlyCount "110"]
[EventDate "2004.09.18"]
[EventType "team-tourn"]
[EventRounds "9"]
[EventCountry "FIN"]
[SourceTitle "EXT 2022"]
[Source "ChessBase"]
[SourceDate "2021.10.06"]
[SourceVersion "1"]
[SourceVersionDate "2021.10.06"]
[SourceQuality "1"]
[WhiteTeam "Tampere Taraus"]
[BlackTeam "Tampere SY"]
[WhiteTeamCountry "FIN"]
[BlackTeamCountry "FIN"]

1. c4 c5 2. g3 g6 3. Bg2 Bg7 4. Nc3 Nc6 5. a3 d6 6. Rb1 e6 7. b4 Nge7 8. bxc5 dxc5 9. Bb2 0-0 10. Nf3 b6 11. 0-0 Bb7 12. d3 Qd7 13. Qa4 f5 14. Rfd1 Rfd8 15. e3 h6 16. h4 Rac8 17. Qc2 e5 18. Ne2 Qc7 19. Qc3 Rd7 20. Nf4 Nd4 21. Nxe5 Bxe5 22. exd4 cxd4 23. Qd2 Bxf4 24. Qxf4 Qxf4 25. gxf4 Bxg2 26. Kxg2 Kf7 27. Re1 Nc6 28. Kf3 h5 29. Re2 Re8 30. Rbe1 Rxe2 31. Rxe2 Re7 32. Rxe7+ Kxe7 33. Ke2 Kd6 34. Kd1 Kc5 35. Kc2 a6 36. Kb3 Na5+ 37. Kc2 b5 38. cxb5 axb5 39. Bc1 Nc6 40. Bd2 Nd8 41. Kb3 Ne6 42. Kc2 Nc7 43. Kb3 Nd5 44. Bb4+ Kc6 45. Bd2 Nf6 46. f3 Nd5 47. Kc2 Kc5 48. Kd1 b4 49. axb4+ Nxb4 50. Ke2 Nd5 51. Kd1 Kb5 52. Kc2 Ka4 53. Kd1 Kb3 54. Kc1 Nc3 55. Be1 Ne2+ 0-1

[Event "FIN-chT 0405"]
[Site "Finland"]
[Date "2004.09.19"]
[Round "2.4"]
[White "Keskinen, Sauli"]
[Black "Natri, Antero"]
[Result "1-0"]
[WhiteElo "2215"]
[BlackElo "2211"]
[PlyCount "119"]
[EventDate "2004.09.18"]
[EventType "team-tourn"]
[EventRounds "9"]
[EventCountry "FIN"]
[SourceTitle "EXT 2022"]
[Source "ChessBase"]
[SourceDate "2021.10.06"]
[SourceVersion "1"]
[SourceVersionDate "2021.10.06"]
[SourceQuality "1"]
[WhiteTeam "Turku TS"]
[BlackTeam "Tampere Taraus"]
[WhiteTeamCountry "FIN"]
[BlackTeamCountry "FIN"]

1. e4 d6 2. d4 Nf6 3. Nc3 g6 4. f4 Bg7 5. Bc4 Nxe4 6. Bxf7+ Kxf7 7. Nxe4 Rf8 8. Nf3 Kg8 9. c3 h6 10. 0-0 Qe8 11. Bd2 e6 12. Re1 Qf7 13. Qb3 Nc6 14. Rad1 b6 15. a3 Bd7 16. Qa2 a5 17. Bc1 Rae8 18. c4 e5 19. fxe5 dxe5 20. d5 Nd4 21. Nxd4 exd4 22. Rf1 Qe7 23. Nf2 Qe2 24. Qb3 Bf5 25. Rd2 d3 26. Rxe2 dxe2 27. Re1 Bd4 28. Bf4 g5 29. Bg3 Re3 30. Qxe3 Bxe3 31. Rxe2 Bc5 32. b3 Bxa3 33. Bxc7 Bc5 34. Bg3 a4 35. bxa4 Bd3 36. Rd2 Bxc4 37. d6 Rd8 38. h4 Bb3 39. hxg5 hxg5 40. Kh2 Rd7 41. Be5 Bxf2 42. Rxf2 Bxa4 43. Rf5 Bc2 44. Rxg5+ Kf7 45. Bf4 Bd3 46. Rd5 Bc4 47. Rd4 b5 48. g4 Ke6 49. Kg3 Ra7 50. Re4+ Kf6 51. g5+ Kf5 52. Re5+ Kg6 53. Be3 Rd7 54. Bc5 Rf7 55. Kg4 Bd3 56. Re6+ Kg7 57. Bd4+ Kf8 58. Bf6 Rd7 59. Re3 Rxd6 60. Be7+ 1-0

[Event "FIN-chT 0304"]
[Site "Finland"]
[Date "2003.11.15"]
[Round "4.4"]
[White "Natri, Antero"]
[Black "Nouro, Mikael"]
[Result "0-1"]
[WhiteElo "2215"]
[BlackElo "2347"]
[PlyCount "80"]
[EventDate "2003.09.06"]
[EventType "team-tourn"]
[EventRounds "9"]
[EventCountry "FIN"]
[SourceTitle "EXT 2022"]
[Source "ChessBase"]
[SourceDate "2021.10.06"]
[SourceVersion "1"]
[SourceVersionDate "2021.10.06"]
[SourceQuality "1"]
[WhiteTeam "Tampere Taraus"]
[BlackTeam "Helsinki Gaia"]
[WhiteTeamCountry "FIN"]
[BlackTeamCountry "FIN"]

1. c4 e5 2. g3 Nf6 3. Bg2 c6 4. d4 Bb4+ 5. Bd2 Bxd2+ 6. Qxd2 d6 7. dxe5 dxe5 8. Qxd8+ Kxd8 9. Nc3 Be6 10. b3 Nfd7 11. Nf3 f6 12. 0-0 a5 13. Rfd1 Na6 14. Nd2 Kc7 15. Rac1 Ndc5 16. Nde4 Rhd8 17. Nd5+ Kb8 18. Ne3 Rxd1+ 19. Rxd1 Kc7 20. h4 Nxe4 21. Bxe4 g6 22. Rd2 a4 23. Rb2 Rd8 24. b4 Rd4 25. Bd3 a3 26. Rb3 e4 27. Nc2 exd3 28. Nxd4 Bxc4 29. exd3 Bxb3 30. Nxb3 Nxb4 31. Nc1 b5 32. Kg2 c5 33. Kf3 Kd6 34. Ke4 Nd5 35. g4 b4 36. f4 Nc3+ 37. Ke3 Nxa2 38. Nxa2 b3 39. Nc3 a2 40. Ne4+ Kc6 0-1

[Event "FIN-chT 0203"]
[Site "Finland"]
[Date "2002.11.16"]
[Round "4.7"]
[White "Lindqvist, Tor Erik"]
[Black "Natri, Antero"]
[Result "0-1"]
[WhiteElo "2232"]
[BlackElo "2189"]
[PlyCount "82"]
[EventDate "2002.10.21"]
[EventType "team-tourn"]
[EventRounds "9"]
[EventCountry "FIN"]
[SourceTitle "EXT 2004"]
[Source "ChessBase"]
[SourceDate "2003.11.25"]
[SourceVersion "1"]
[SourceVersionDate "2003.11.25"]
[SourceQuality "1"]
[WhiteTeam "Salo SK"]
[BlackTeam "Tampere Taraus"]
[WhiteTeamCountry "FIN"]
[BlackTeamCountry "FIN"]

1. c4 c5 2. g3 g6 3. Bg2 Bg7 4. Nc3 Nc6 5. a3 d6 6. Rb1 a5 7. d3 e5 8. e4 Nge7 9. Nge2 0-0 10. 0-0 Be6 11. Nd5 Nd4 12. b4 cxb4 13. Nxd4 exd4 14. axb4 a4 15. Nf4 Bd7 16. b5 a3 17. Ra1 a2 18. Ne2 Qa5 19. Bb2 Qb4 20. Qc2 Bxb5 21. Bxd4 Bxd4 22. Nxd4 Ba4 23. Qe2 Qc3 24. Qe3 Nc6 25. Nxc6 Bxc6 26. Rfc1 Qb2 27. Bf1 Ra3 28. Re1 Rfa8 29. h4 h5 30. Be2 Rb3 31. Qc1 Raa3 32. Qg5 Qxa1 33. Qd8+ Kg7 34. Rxa1 Rb1+ 35. Kg2 Rxa1 36. Qxd6 Rg1+ 37. Kxg1 a1Q+ 38. Bf1 Ra5 39. d4 Bxe4 40. c5 Bd3 41. Qe5+ Kh7 0-1

[Event "FIN-chT 0203"]
[Site "Finland"]
[Date "2002.10.21"]
[Round "1.7"]
[White "Vihinen, Teemu"]
[Black "Natri, Antero"]
[Result "0-1"]
[WhiteElo "2161"]
[BlackElo "2189"]
[PlyCount "78"]
[EventDate "2002.10.21"]
[EventType "team-tourn"]
[EventRounds "9"]
[EventCountry "FIN"]
[SourceTitle "EXT 2004"]
[Source "ChessBase"]
[SourceDate "2003.11.25"]
[SourceVersion "1"]
[SourceVersionDate "2003.11.25"]
[SourceQuality "1"]
[WhiteTeam "Vantaa EtVaS"]
[BlackTeam "Tampere Taraus"]
[WhiteTeamCountry "FIN"]
[BlackTeamCountry "FIN"]

1. e4 c5 2. c3 d5 3. exd5 Qxd5 4. d4 Nf6 5. Nf3 Bg4 6. Be2 e6 7. h3 Bh5 8. Na3 Nc6 9. 0-0 Be7 10. Nb5 Rc8 11. dxc5 Bxc5 12. Qxd5 Nxd5 13. Rd1 0-0 14. Kf1 h6 15. Nbd4 Nxd4 16. Nxd4 Bxe2+ 17. Kxe2 Rfd8 18. Nc2 Bb6 19. Be3 Bxe3 20. fxe3 Kf8 21. Rd3 Nb6 22. Rxd8+ Rxd8 23. Rd1 Rxd1 24. Kxd1 Na4 25. Kc1 Ke7 26. Nd4 a6 27. Kc2 Kd6 28. b3 Nc5 29. Nf3 Kd5 30. Nd2 b5 31. c4+ bxc4 32. bxc4+ Ke5 33. Kc3 a5 34. Nb3 Ne4+ 35. Kd3 a4 36. Nd2 Nxd2 37. Kxd2 Kd6 38. Kc3 Kc5 39. a3 f5 0-1

[Event "FIN-chT 0203"]
[Site "Finland"]
[Date "2002.10.19"]
[Round "2.7"]
[White "Natri, Antero"]
[Black "Nieminen, Kari"]
[Result "1/2-1/2"]
[WhiteElo "2189"]
[BlackElo "2187"]
[PlyCount "48"]
[EventDate "2002.10.21"]
[EventType "team-tourn"]
[EventRounds "9"]
[EventCountry "FIN"]
[SourceTitle "EXT 2004"]
[Source "ChessBase"]
[SourceDate "2003.11.25"]
[SourceVersion "1"]
[SourceVersionDate "2003.11.25"]
[SourceQuality "1"]
[WhiteTeam "Tampere Taraus"]
[BlackTeam "Espoo MatSK"]
[WhiteTeamCountry "FIN"]
[BlackTeamCountry "FIN"]

1. c4 e5 2. g3 Nf6 3. Bg2 Nc6 4. Nc3 Bc5 5. e3 d5 6. Nxd5 Nxd5 7. cxd5 Nb4 8. Qb3 Bf5 9. e4 Bd7 10. a3 Qf6 11. Nf3 Na6 12. 0-0 0-0 13. Qd3 Bd6 14. b4 c5 15. dxc6 Bxc6 16. Bb2 Nc7 17. Rfe1 a5 18. Qe3 axb4 19. axb4 Qe7 20. d4 Bxb4 21. Rec1 Rxa1 22. Rxa1 exd4 23. Nxd4 Ne6 24. Nf5 Qc5 1/2-1/2